Minecraft Limited Life: All Deaths in Order - Statistics

General Stats
  • This quiz has been taken 13 times
  • The average score is 35 of 170
Answer Stats
Session Player Death % Correct
Session 1

Skizzleman

was slain by Smajor1995
100%
Session 1

Skizzleman

was slain by BdoubleO100
100%
Session 1

GoodTimeWithScar

fell from a high place
67%
Session 1

Smallishbeans

tried to swim in lava
67%
Session 1

SolidarityGaming

tried to swim in lava
67%
Session 8

impulseSV

ran out of time!
50%
Session 8

InTheLittleWood

ran out of time!
50%
Session 8

Smajor1995

ran out of time!
50%
Session 2

BdoubleO100

was slain by Skizzleman
33%
Session 1

bigbst4tz2

was burnt to a crisp whilst fighting InTheLittleWood
33%
Session 6

Etho

hit the ground too hard whilst trying to escape SolidarityGaming
33%
Session 6

Grian

tried to swim in lava to escape PearlescentMoon
33%
Session 8

impulseSV

was slain by Smajor1995
33%
Session 8

impulseSV

was slain by Smajor1995
33%
Session 8

InTheLittleWood

fell out of the world
33%
Session 8

Smajor1995

tried to swim in lava to escape impulseSV
33%
Session 6

Smallishbeans

hit the ground too hard whilst trying to escape BdoubleO100
33%
Session 6

SolidarityGaming

was slain by Grian
33%
Session 7

SolidarityGaming

ran out of time!
33%
Session 8

Tango

was slain by GoodTimeWithScar using [Times Up Bubby]
33%
Session 4

BdoubleO100

was slain by InTheLittleWood
17%
Session 3

Etho

was blown up by Creeper
17%
Session 2

GoodTimeWithScar

blew up
17%
Session 3

GoodTimeWithScar

fell from a high place
17%
Session 2

Grian

was slain by Vex
17%
Session 3

Grian

blew up
17%
Session 1

impulseSV

was blown up by Creeper
17%
Session 4

impulseSV

blew up
17%
Session 1

InTheLittleWood

fell from a high place
17%
Session 3

InTheLittleWood

was blown up by Creeper
17%
Session 3

InTheLittleWood

was slain by Smallishbeans
17%
Session 3

PearlescentMoon

fell from a high place
17%
Session 3

PearlescentMoon

fell from a high place
17%
Session 1

Skizzleman

was blown up by Creeper
17%
Session 4

Smajor1995

fell from a high place
17%
Session 4

Smajor1995

was slain by InTheLittleWood
17%
Session 2

Smallishbeans

was slain by Vindicator
17%
Session 3

Smallishbeans

fell from a high place
17%
Session 4

Smallishbeans

was slain by Etho
17%
Session 2

SolidarityGaming

was slain by Vex
17%
Session 3

SolidarityGaming

blew up
17%
Session 4

Tango

blew up
17%
Session 4

Tango

was blown up by Skizzleman
17%
Session 1

ZombieCleo

was blown up by Creeper
17%
Session 2

ZombieCleo

blew up
17%
Session 5

BdoubleO100

blew up
17%
Session 5

BdoubleO100

blew up
17%
Session 6

BdoubleO100

was slain by Skizzleman
17%
Session 4

bigbst4tz2

blew up
17%
Session 6

bigbst4tz2

was slain by GoodTimeWithScar
17%
Session 6

Etho

was shot by GoodTimeWithScar
17%
Session 6

Etho

blew up
17%
Session 4

GoodTimeWithScar

was skewered by a falling stalactite
17%
Session 4

GoodTimeWithScar

blew up
17%
Session 5

GoodTimeWithScar

blew up
17%
Session 3

Grian

was slain by Pufferfish
17%
Session 4

Grian

fell from a high place
17%
Session 6

impulseSV

blew up
17%
Session 6

impulseSV

blew up
17%
Session 7

impulseSV

blew up
17%
Session 4

InTheLittleWood

hit the ground too hard whilst trying to escape Tango
17%
Session 4

InTheLittleWood

blew up
17%
Session 5

InTheLittleWood

fell from a high place
17%
Session 4

PearlescentMoon

was blown up by Creeper
17%
Session 6

PearlescentMoon

fell from a high place
17%
Session 3

Skizzleman

fell off a ladder
17%
Session 7

Smajor1995

was shot by GoodTimeWithScar
17%
Session 7

Smajor1995

went off with a bang
17%
Session 7

Smajor1995

blew up
17%
Session 4

Smallishbeans

fell from a high place
17%
Session 5

Smallishbeans

was blown up by Creeper
17%
Session 6

Smallishbeans

fell from a high place
17%
Session 3

SolidarityGaming

blew up
17%
Session 6

SolidarityGaming

fell from a high place
17%
Session 6

Tango

hit the ground too hard
17%
Session 6

Tango

was slain by InTheLittleWood
17%
Session 6

Tango

fell from a high place
17%
Session 3

ZombieCleo

blew up
17%
Session 4

ZombieCleo

blew up
17%
Session 6

ZombieCleo

blew up
17%
Session 7

BdoubleO100

was slain by SolidarityGaming
17%
Session 7

BdoubleO100

was shot by impulseSV
17%
Session 7

BdoubleO100

blew up
17%
Session 8

BdoubleO100

fell off a ladder
17%
Session 8

BdoubleO100

ran out of time!
17%
Session 7

bigbst4tz2

blew up
17%
Session 8

bigbst4tz2

was blown up by impulseSV
17%
Session 8

bigbst4tz2

fell off a ladder
17%
Session 8

bigbst4tz2

was shot by InTheLittleWood
17%
Session 8

bigbst4tz2

ran out of time!
17%
Session 6

Etho

was slain by ZombieCleo
17%
Session 6

Etho

was slain by ZombieCleo
17%
Session 7

Etho

was slain by Grian
17%
Session 7

Etho

blew up
17%
Session 7

Etho

was shot by Smajor1995
17%
Session 7

Etho

hit the ground too hard whilst trying to escape Skeleton
17%
Session 8

Etho

was slain by PearlescentMoon
17%
Session 8

Etho

ran out of time!
17%
Session 6

GoodTimeWithScar

fell from a high place
17%
Session 6

GoodTimeWithScar

blew up
17%
Session 7

GoodTimeWithScar

was slain by Wolf
17%
Session 7

GoodTimeWithScar

was shot by Grian
17%
Session 7

GoodTimeWithScar

was slain by Smallishbeans
17%
Session 8

GoodTimeWithScar

fell from a high place
17%
Session 8

GoodTimeWithScar

ran out of time!
17%
Session 7

Grian

fell off a ladder
17%
Session 7

Grian

fell off a ladder
17%
Session 7

Grian

was shot by Smajor1995
17%
Session 7

Grian

was slain by Smallishbeans
17%
Session 8

Grian

blew up
17%
Session 8

Grian

was slain by ZombieCleo
17%
Session 8

Grian

went off with a bang
17%
Session 8

Grian

drowned whilst trying to escape Etho
17%
Session 8

Grian

ran out of time!
17%
Session 7

impulseSV

fell from a high place
17%
Session 7

impulseSV

fell from a high place
17%
Session 7

impulseSV

hit the ground too hard
17%
Session 8

impulseSV

hit the ground too hard
17%
Session 8

impulseSV

fell from a high place
17%
Session 8

impulseSV

burned to death
17%
Session 7

InTheLittleWood

blew up
17%
Session 7

InTheLittleWood

blew up
17%
Session 8

InTheLittleWood

fell from a high place
17%
Session 8

InTheLittleWood

was shot by impulseSV
17%
Session 8

InTheLittleWood

burned to death
17%
Session 8

PearlescentMoon

was blown up by impulseSV
17%
Session 8

PearlescentMoon

suffocated in a wall whilst fighting impulseSV
17%
Session 8

PearlescentMoon

was slain by bigbst4tz2
17%
Session 8

PearlescentMoon

fell from a high place
17%
Session 8

PearlescentMoon

fell from a high place
17%
Session 8

PearlescentMoon

ran out of time!
17%
Session 6

Skizzleman

drowned whilst trying to escape BdoubleO100
17%
Session 6

Skizzleman

blew up
17%
Session 7

Skizzleman

fell from a high place
17%
Session 7

Skizzleman

was slain by GoodTimeWithScar
17%
Session 7

Skizzleman

was slain by GoodTimeWithScar
17%
Session 7

Skizzleman

ran out of time!
17%
Session 7

Smajor1995

fell from a high place
17%
Session 7

Smajor1995

blew up
17%
Session 8

Smajor1995

was shot by GoodTimeWithScar using [Boom Boom To The Face]
17%
Session 8

Smajor1995

was slain by ZombieCleo
17%
Session 8

Smajor1995

tried to swim in lava
17%
Session 8

Smajor1995

was slain by bigbst4tz2
17%
Session 8

Smajor1995

was slain by InTheLittleWood
17%
Session 8

Smajor1995

tried to swim in lava
17%
Session 6

Smallishbeans

fell from a high place
17%
Session 7

Smallishbeans

fell off a ladder
17%
Session 7

Smallishbeans

fell from a high place
17%
Session 7

Smallishbeans

fell from a high place
17%
Session 7

Smallishbeans

was slain by Smajor1995
17%
Session 7

Smallishbeans

was shot by Smajor1995
17%
Session 7

Smallishbeans

was shot by Smajor1995
17%
Session 7

Smallishbeans

ran out of time!
17%
Session 6

SolidarityGaming

fell from a high place
17%
Session 6

SolidarityGaming

was slain by Pufferfish
17%
Session 7

SolidarityGaming

was slain by Grian
17%
Session 7

SolidarityGaming

was shot by Smajor1995
17%
Session 7

SolidarityGaming

went off with a bang
17%
Session 6

Tango

was shot by Skeleton
17%
Session 7

Tango

blew up
17%
Session 7

Tango

blew up
17%
Session 8

Tango

blew up
17%
Session 8

Tango

ran out of time!
17%
Session 7

ZombieCleo

blew up
17%
Session 7

ZombieCleo

blew up
17%
Session 8

ZombieCleo

was slain by Grian
17%
Session 8

ZombieCleo

blew up
17%
Session 8

ZombieCleo

was blown up by Creeper
17%
Session 8

ZombieCleo

fell off a ladder
17%
Session 8

ZombieCleo

ran out of time!
17%
No matching quizzes found
Score Distribution
Percent of People with Each Score
Percentile by Number Answered
Your Score History
You have not taken this quiz